Hindu Rashtra Darshan (Record no. 12069)

MARC details
000 -LEADER
fixed length control field 00608nam a2200241 a 4500
020 ## - INTERNATIONAL STANDARD BOOK NUMBER
ISBN
082 00 - DEWEY DECIMAL CLASSIFICATION NUMBER
Classification number 294.5
Author Cutter SAV
100 ## - MAIN ENTRY--AUTHOR NAME
Author name Savarkar, Vinayak Domodar
245 ## - TITLE STATEMENT
Title Hindu Rashtra Darshan
260 ## - PUBLICATION, DISTRIBUTION, ETC. (IMPRINT)
Place of publication Bombay
Name of publisher Veer Savarkar Prakashan
Year of publication 1992
300 ## - PHYSICAL DESCRIPTION
Number of Pages 233p
500 ## - GENERAL NOTE
General note includes index and biblioraphy
505 2# - FORMATTED CONTENTS NOTE
Formatted contents note Index
650 ## - SUBJECT ADDED ENTRY--TOPICAL TERM
Topical Term Religious Fundamentalism-Hindu
942 ## - ADDED ENTRY ELEMENTS (KOHA)
Koha item type Books
700 1# -
-- Savarkar, Vinayak Domodar
Holdings
Collection code Home library Current library Date acquired Cost, normal purchase price Full call number Accession Number Koha item type
  Henry Martyn Institute Library Henry Martyn Institute Library 07/23/2007 50.00 294.5 SAV 017805 Books
                   Copyright © 2026 | Henry Martyn Institute | Hyderabad | TS-500052 | INDIA | Implemented by hmi.edu.in
Hit-Count:

Powered by Koha